000 01087nam a22002777a 4500
005 20120327112232.0
008 120327t xxu||||| |||| 00| 0 eng d
010 _aENG-104895
020 _a9788120345270
_c395.00
035 _aEN-88428
037 _bDBAD/PUB
040 _aDPL
_bEng
082 _a658.562015195
100 _944300
_aKrishnaiah, K.
245 _aApplied design of experiments and Taguchi methods /
_cby K. Krishnaiah [and] P. Shahabudeen
260 _aNew Delhi
_bPHI Learning
_c2012
270 _aM-97, Connaught Circus
_bNew Delhi
_e110001
300 _axiii,362p. :
_c24cm(pbk)
_bill.
500 _aIncludes bibliographical references and index
650 _aExperimental design
_944340
650 _aQuality control
_xStatistical methods
_944341
650 _aTaguchi methods (Quality control)
_944342
700 _aShahabudeen, P.
_944343
942 _2ddc
_cEN
_mKRI
_h658.562015195
999 _c64412
_d64412